[Event "DVM U20w 2009"]
[Site "Chemnitz GER"]
[Date "2009.12.27"]
[Round "2"]
[White "Zikeli, Julia"]
[Black "Frey, Alisa"]
[Result "0-1"]
[Termination "normal"]
[Board "1.2"]
[WhiteElo "1852"]
[BlackElo "2038"]
[WhiteTeam "SG Porz"]
[BlackTeam "TSV Schott-Mainz"]
[PlyCount "96"]
[WhiteFideId "24622753"]
[BlackFideId "24634662"]
[EventCountry "GER"]
[EventRounds "7"]
[EventType "team-swiss"]
[EventDate "2009.12.26"]

1. e4 e5 2. Nf3 Nc6 3. d4 exd4 4. Bc4 Nf6 5. O-O Nxe4 6. Re1 d5 7. Bxd5 Qxd5 8.
Nc3 Qh5 9. Nxe4 Be6 10. Neg5 O-O-O 11. Nxe6 fxe6 12. Rxe6 Bd6 13. Bg5 Bxh2+ 14.
Nxh2 Qxg5 15. Qg4 Qxg4 16. Nxg4 Rhe8 17. Rae1 Kd7 18. Rxe8 Rxe8 19. Rd1 Re4 20.
Ne3 Ke6 21. Nc4 Re2 22. Nd2 Kf6 23. Kf1 Re6 24. Nb3 Rd6 25. Nc5 Rd5 26. Nb3 Ke6
27. Re1+ Kd7 28. Rd1 Nb4 29. a3 Nxc2 30. Rd2 d3 31. Rxd3 Rxd3 32. Nc5+ Kd6 33.
Nxd3 Nd4 34. f3 c5 35. Ke1 c4 36. Nf4 Ke5 37. Nh5 g6 38. Ng3 Nf5 39. Ne2 Ne3
40. g3 Nc2+ 41. Kf2 a6 42. Nc3 Kd4 43. Ke2 Na1 44. Ne4 Nb3 45. Nf6 h5 46. Ne4
Nc1+ 47. Kd2 Nd3 48. Nd6 b5 0-1

[Event "DVM U20w 2009"]
[Site "Chemnitz GER"]
[Date "2009.12.27"]
[Round "2"]
[White "Voss, Chantal"]
[Black "Micklich, Rahel"]
[Result "1-0"]
[Termination "normal"]
[Board "1.3"]
[WhiteElo "1868"]
[BlackElo "1778"]
[WhiteTeam "TSV Schott-Mainz"]
[BlackTeam "SG Porz"]
[PlyCount "127"]
[WhiteFideId "4664906"]
[BlackFideId "24639184"]
[EventCountry "GER"]
[EventRounds "7"]
[EventType "team-swiss"]
[EventDate "2009.12.26"]

1. d4 Nf6 2. c4 e6 3. Nf3 c5 4. e3 d5 5. Nc3 cxd4 6. exd4 Nc6 7. Bd3 Be7 8. O-O
O-O 9. a3 b6 10. b4 dxc4 11. Bxc4 Bb7 12. Bb2 Rc8 13. Bb3 Qd7 14. Qe2 Rfd8 15.
Rad1 Bd6 16. Rfe1 Ne7 17. Ne5 Bxe5 18. dxe5 Qc6 19. f3 Nfd5 20. Ne4 Nf5 21. g4
Nf4 22. Qf1 Rxd1 23. Bxd1 Ne7 24. Nd6 Rd8 25. Re4 Nfd5 26. Bb3 Nc8 27. Rc4 Qd7
28. Nxb7 Qxb7 29. Qc1 Nce7 30. Kf2 Rc8 31. Rxc8+ Qxc8 32. Qxc8+ Nxc8 33. Bc1
Kf8 34. f4 Nce7 35. f5 Nc7 36. Bc2 g6 37. f6 Nc6 38. Bb2 Ke8 39. Ba4 b5 40. Bc2
Nd5 41. Kf3 Nb6 42. Bb3 Nd7 43. Ke4 Kd8 44. Bc3 Kc7 45. Ba2 Nb6 46. Bb3 a6 47.
Bd2 Kd7 48. Bc3 Kc7 49. Bd2 Nc4 50. Bc3 Nxa3 51. Bxe6 Nd8 52. Bd5 Kd7 53. Bb2
Nc4 54. Bxc4 bxc4 55. Kd5 Nc6 56. Kxc4 Ke6 57. Kc5 Kd7 58. Bc3 Kc7 59. e6 Nd8
60. Be5+ Kc8 61. e7 Kd7 62. exd8=Q+ Kxd8 63. Kb6 Kc8 64. Kxa6 1-0

[Event "DVM U20w 2009"]
[Site "Chemnitz GER"]
[Date "2009.12.27"]
[Round "2"]
[White "Tunc, Helin"]
[Black "Voss, Janine"]
[Result "0-1"]
[Termination "normal"]
[Board "1.4"]
[WhiteElo "1534"]
[BlackElo "1820"]
[WhiteTeam "SG Porz"]
[BlackTeam "TSV Schott-Mainz"]
[PlyCount "70"]
[WhiteFideId "24659304"]
[BlackFideId "24677329"]
[EventCountry "GER"]
[EventRounds "7"]
[EventType "team-swiss"]
[EventDate "2009.12.26"]

1. d4 Nf6 2. c4 g6 3. Nc3 d5 4. Bf4 Bg7 5. e3 O-O 6. Nf3 c6 7. Bd3 Nbd7 8. cxd5
Nxd5 9. Nxd5 cxd5 10. O-O Re8 11. Bb5 a6 12. Bxd7 Bxd7 13. b4 f6 14. Rc1 Rc8
15. Qb3 Bb5 16. Rfe1 Qd7 17. Rc5 Bc4 18. Qc2 e5 19. dxe5 Rxc5 20. bxc5 fxe5 21.
Bg3 Qc6 22. Qb2 Qb5 23. Qxb5 axb5 24. a3 h6 25. h3 Kf7 26. Nd2 Ra8 27. Nb1 Rc8
28. Nd2 Rxc5 29. Nxc4 bxc4 30. Rd1 c3 31. Rc1 c2 32. f3 e4 33. Be1 Bb2 34. Bd2
Bxc1 35. Bxc1 Rb5 0-1

[Event "DVM U20w 2009"]
[Site "Chemnitz GER"]
[Date "2009.12.27"]
[Round "2"]
[White "Djalalova, Nigora"]
[Black "Velina, Valeria"]
[Result "1-0"]
[Termination "normal"]
[Board "2.2"]
[WhiteElo "1984"]
[BlackElo "1781"]
[WhiteTeam "SV Stuttgart-Wolfbusch 1956"]
[BlackTeam "SV Empor-Berlin"]
[PlyCount "91"]
[WhiteFideId "14202166"]
[BlackFideId "24677345"]
[EventCountry "GER"]
[EventRounds "7"]
[EventType "team-swiss"]
[EventDate "2009.12.26"]

1. d4 d5 2. c4 dxc4 3. Nf3 Nf6 4. e3 Bg4 5. Bxc4 e6 6. O-O Bd6 7. h3 Bh5 8. Nc3
O-O 9. Re1 a6 10. a3 Nc6 11. Be2 Bg6 12. Nh4 Be4 13. Nxe4 Nxe4 14. Nf3 Re8 15.
Bd3 Nf6 16. e4 e5 17. d5 Ne7 18. Bg5 Ng6 19. Rc1 h6 20. Bd2 Qd7 21. Qb3 Rab8
22. Be3 Nh5 23. Bf1 Qe7 24. Rc2 Qf6 25. Rec1 Nhf4 26. Ba7 Ra8 27. Bc5 Re7 28.
g3 Nh5 29. Nh2 Bxc5 30. Rxc5 Qb6 31. Qxb6 cxb6 32. Rc7 Rxc7 33. Rxc7 Rb8 34.
Ng4 Kf8 35. Be2 Ke8 36. Nxe5 Nxg3 37. fxg3 Nxe5 38. Kf2 Nd7 39. b4 a5 40. Bb5
Rd8 41. Rxb7 axb4 42. axb4 g5 43. Ke3 f5 44. h4 Ke7 45. hxg5 hxg5 46. e5 1-0

[Event "DVM U20w 2009"]
[Site "Chemnitz GER"]
[Date "2009.12.27"]
[Round "2"]
[White "Müller, Anna-Louise"]
[Black "Stitterich, Nadine"]
[Result "0-1"]
[Termination "normal"]
[Board "2.3"]
[WhiteElo "1644"]
[BlackElo "1956"]
[WhiteTeam "SV Empor-Berlin"]
[BlackTeam "SV Stuttgart-Wolfbusch 1956"]
[PlyCount "82"]
[WhiteFideId "4633512"]
[BlackFideId "24676527"]
[EventCountry "GER"]
[EventRounds "7"]
[EventType "team-swiss"]
[EventDate "2009.12.26"]

1. e4 c5 2. Nf3 e6 3. d4 cxd4 4. Nxd4 Nc6 5. Be3 Qc7 6. Nc3 a6 7. Be2 Nf6 8.
O-O Bb4 9. Nxc6 bxc6 10. Qd3 a5 11. f3 Ba6 12. Qd1 Bxe2 13. Nxe2 Rb8 14. Bf4
Bc5+ 15. Kh1 e5 16. Bc1 O-O 17. c4 d6 18. b3 Nd7 19. Bb2 Rfd8 20. f4 f6 21. Ng3
exf4 22. Rxf4 Ne5 23. Nf5 Rb7 24. Qc2 a4 25. Qd1 axb3 26. axb3 Rdb8 27. Bxe5
dxe5 28. Rg4 Qd8 29. Qe2 Kh8 30. Rd1 Qf8 31. Rg3 g6 32. Nh4 Qf7 33. Rgd3 Bd4
34. Nf3 c5 35. Rf1 Qe7 36. Rb1 Rb4 37. Ne1 Rxc4 38. Qa2 Rcb4 39. Rdd1 Qb7 40.
Nd3 Rxb3 41. Rbc1 c4 0-1

[Event "DVM U20w 2009"]
[Site "Chemnitz GER"]
[Date "2009.12.27"]
[Round "2"]
[White "Mijatovic, Andrea"]
[Black "Berdin, Victoria"]
[Result "1-0"]
[Termination "normal"]
[Board "2.4"]
[WhiteElo "1869"]
[BlackElo "1032"]
[WhiteTeam "SV Stuttgart-Wolfbusch 1956"]
[BlackTeam "SV Empor-Berlin"]
[PlyCount "45"]
[WhiteFideId "14514524"]
[EventCountry "GER"]
[EventRounds "7"]
[EventType "team-swiss"]
[EventDate "2009.12.26"]

1. e4 e5 2. Nf3 Nc6 3. d4 exd4 4. Bc4 Nf6 5. O-O Nxe4 6. Re1 d5 7. Bxd5 Qxd5 8.
Nc3 Qh5 9. Nxe4 Be6 10. Neg5 Qg6 11. Nxe6 fxe6 12. Ng5 e5 13. Nf3 Bd6 14. Nxd4
Nxd4 15. Qxd4 Qxc2 16. Bf4 Bc5 17. Qxe5+ Kf8 18. Re2 Bd4 19. Qe7+ Kg8 20. Rxc2
Bf6 21. Qe6+ Kf8 22. Rxc7 Rd8 23. Qf7# 1-0

[Event "DVM U20w 2009"]
[Site "Chemnitz GER"]
[Date "2009.12.27"]
[Round "2"]
[White "Lorenz, Nicole"]
[Black "Kleinschmidt, Annika"]
[Result "1/2-1/2"]
[Termination "normal"]
[Board "3.1"]
[WhiteElo "1889"]
[BlackElo "1568"]
[WhiteTeam "SG Grün-Weiß Dresden"]
[BlackTeam "SK Nordhorn-Blanke"]
[PlyCount "59"]
[WhiteFideId "24623709"]
[BlackFideId "24670049"]
[EventCountry "GER"]
[EventRounds "7"]
[EventType "team-swiss"]
[EventDate "2009.12.26"]

1. d4 d5 2. c4 e6 3. Nf3 Nf6 4. Nc3 c5 5. dxc5 Bxc5 6. e3 O-O 7. cxd5 exd5 8.
Be2 Nc6 9. O-O d4 10. exd4 Nxd4 11. Nxd4 Bxd4 12. Nb5 Bb6 13. Qxd8 Rxd8 14. Bf3
a6 15. Nc3 Bc7 16. h3 Rb8 17. Be3 Be6 18. Rfd1 Rxd1+ 19. Rxd1 b5 20. b4 h6 21.
a3 Be5 22. Ne2 Rf8 23. Bf4 Bxf4 24. Nxf4 Bc8 25. Rc1 Bb7 26. Rc7 Bxf3 27. gxf3
Ra8 28. Rb7 Ne8 29. Rb6 Nc7 30. Rb7 1/2-1/2

[Event "DVM U20w 2009"]
[Site "Chemnitz GER"]
[Date "2009.12.27"]
[Round "2"]
[White "Veelders, Wiebke"]
[Black "Stark, Saskia"]
[Result "0-1"]
[Termination "normal"]
[Board "3.2"]
[WhiteElo "1484"]
[BlackElo "1956"]
[WhiteTeam "SK Nordhorn-Blanke"]
[BlackTeam "SG Grün-Weiß Dresden"]
[PlyCount "46"]
[WhiteFideId "1270955"]
[BlackFideId "4601050"]
[EventCountry "GER"]
[EventRounds "7"]
[EventType "team-swiss"]
[EventDate "2009.12.26"]

1. c4 c5 2. Nc3 Nc6 3. g3 g6 4. Bg2 Bg7 5. e3 Nf6 6. Nge2 O-O 7. O-O d6 8. d4
cxd4 9. Nxd4 Ne5 10. b3 Rb8 11. Bb2 Bg4 12. Qc2 Qd7 13. Rac1 Bh3 14. Ne4 Bxg2
15. Kxg2 Rfc8 16. Rfe1 b5 17. Nd2 Qb7+ 18. Kg1 bxc4 19. Qb1 cxb3 20. N2xb3 Nfd7
21. Re2 Nc5 22. Rxc5 dxc5 23. f4 Ng4 0-1

[Event "DVM U20w 2009"]
[Site "Chemnitz GER"]
[Date "2009.12.27"]
[Round "2"]
[White "Dorn, Carina"]
[Black "Baisakow, Christine"]
[Result "1-0"]
[Termination "normal"]
[Board "3.3"]
[WhiteElo "1867"]
[BlackElo "1476"]
[WhiteTeam "SG Grün-Weiß Dresden"]
[BlackTeam "SK Nordhorn-Blanke"]
[PlyCount "23"]
[WhiteFideId "24666335"]
[BlackFideId "24680052"]
[EventCountry "GER"]
[EventRounds "7"]
[EventType "team-swiss"]
[EventDate "2009.12.26"]

1. d4 d5 2. c4 c6 3. Nf3 a6 4. e3 b5 5. cxb5 cxb5 6. Bd3 Nf6 7. O-O e6 8. Nbd2
Bd6 9. e4 dxe4 10. Nxe4 Bb7 11. Bg5 Be7 12. Qe2 1-0

[Event "DVM U20w 2009"]
[Site "Chemnitz GER"]
[Date "2009.12.27"]
[Round "2"]
[White "Warmer, Marina"]
[Black "Kosovska, Olena"]
[Result "0-1"]
[Termination "normal"]
[Board "3.4"]
[WhiteElo "1337"]
[BlackElo "1850"]
[WhiteTeam "SK Nordhorn-Blanke"]
[BlackTeam "SG Grün-Weiß Dresden"]
[PlyCount "98"]
[WhiteFideId "12909840"]
[BlackFideId "4647963"]
[EventCountry "GER"]
[EventRounds "7"]
[EventType "team-swiss"]
[EventDate "2009.12.26"]

1. e4 c5 2. Nc3 Nc6 3. f4 e6 4. Bc4 Nge7 5. Nf3 d5 6. Bb3 dxe4 7. Nxe4 Nf5 8.
d3 Be7 9. O-O O-O 10. Bd2 b6 11. Qe1 Bb7 12. Bc3 Ncd4 13. Ne5 Nxb3 14. axb3 Nd4
15. Qf2 f6 16. Nf3 Nxf3+ 17. Qxf3 b5 18. Nxf6+ Bxf6 19. Qxb7 Bd4+ 20. Kh1 b4
21. Bxd4 Qxd4 22. Rxa7 Rxa7 23. Qxa7 h6 24. Qb6 Qe3 25. Qd6 Rf6 26. Qd8+ Kh7
27. Qa8 Rxf4 28. Qa1 e5 29. Qc1 Qxc1 30. Rxc1 Rf2 31. Kg1 Rd2 32. h3 Kg6 33.
Kh2 Kg5 34. Kg3 Kf5 35. Kf3 g6 36. g3 Rh2 37. g4+ Ke6 38. Kg3 Rd2 39. Kf3 Kd5
40. h4 Kd4 41. h5 g5 42. Kg3 Ke3 43. Re1+ Re2 44. Rf1 Rxc2 45. Rf6 Rxb2 46.
Rxh6 Rxb3 47. Rg6 Rxd3 48. h6 Ke4+ 49. Kf2 Rh3 0-1

[Event "DVM U20w 2009"]
[Site "Chemnitz GER"]
[Date "2009.12.27"]
[Round "2"]
[White "Sonnhalter, Stella"]
[Black "Hoffmann, Hanna Dorina"]
[Result "1-0"]
[Termination "normal"]
[Board "4.1"]
[WhiteElo "1730"]
[BlackElo "1589"]
[WhiteTeam "SC Réti Heusweiler"]
[BlackTeam "Dortmunder SV 1875"]
[PlyCount "43"]
[WhiteFideId "4624815"]
[BlackFideId "12909858"]
[EventCountry "GER"]
[EventRounds "7"]
[EventType "team-swiss"]
[EventDate "2009.12.26"]

1. e4 c5 2. Nf3 d6 3. d4 cxd4 4. Nxd4 Nf6 5. Nc3 g6 6. Be3 Bg7 7. f3 Bd7 8. Qd2
Nc6 9. g4 O-O 10. O-O-O Rc8 11. Kb1 Ne5 12. h4 Nc4 13. Bxc4 Rxc4 14. h5 Qa5 15.
Nb3 Qc7 16. Bh6 Rc8 17. Bxg7 Kxg7 18. hxg6 fxg6 19. Qh6+ Kg8 20. Nd5 Nxd5 21.
Qxh7+ Kf8 22. Qh8+ 1-0

[Event "DVM U20w 2009"]
[Site "Chemnitz GER"]
[Date "2009.12.27"]
[Round "2"]
[White "Büttner, Sarah"]
[Black "Alt, Elisabeth"]
[Result "1-0"]
[Termination "normal"]
[Board "4.2"]
[WhiteElo "1326"]
[BlackElo "1328"]
[WhiteTeam "Dortmunder SV 1875"]
[BlackTeam "SC Réti Heusweiler"]
[PlyCount "49"]
[WhiteFideId "12909866"]
[BlackFideId "24692620"]
[EventCountry "GER"]
[EventRounds "7"]
[EventType "team-swiss"]
[EventDate "2009.12.26"]

1. d4 d5 2. c4 c6 3. Nc3 Nf6 4. Bg5 Nbd7 5. Nf3 a6 6. e3 b5 7. c5 e6 8. Ne5 Qc7
9. Bxf6 Nxf6 10. Bd3 Be7 11. O-O O-O 12. b4 a5 13. a3 Bd7 14. Qf3 Ne8 15. e4
Bf6 16. Nxd7 Qxd7 17. e5 Bg5 18. Qh5 h6 19. f4 Be7 20. f5 f6 21. fxe6 Qxe6 22.
Qg6 Qc8 23. Qh7+ Kf7 24. Bg6+ Ke6 25. Bf5+ 1-0

[Event "DVM U20w 2009"]
[Site "Chemnitz GER"]
[Date "2009.12.27"]
[Round "2"]
[White "Brühan, Caren"]
[Black "Finke, Lara"]
[Result "0-1"]
[Termination "normal"]
[Board "4.3"]
[WhiteElo "1288"]
[BlackElo "1258"]
[WhiteTeam "SC Réti Heusweiler"]
[BlackTeam "Dortmunder SV 1875"]
[PlyCount "80"]
[WhiteFideId "24691976"]
[BlackFideId "12909874"]
[EventCountry "GER"]
[EventRounds "7"]
[EventType "team-swiss"]
[EventDate "2009.12.26"]

1. d4 d5 2. Nf3 Nf6 3. e3 Bg4 4. c4 c6 5. Nc3 e6 6. Bd2 Be7 7. b3 O-O 8. Bd3
Nbd7 9. O-O e5 10. dxe5 Nxe5 11. Be2 Bxf3 12. Bxf3 dxc4 13. Rb1 Qd7 14. Be2
cxb3 15. Qxb3 Rab8 16. Rfd1 Qc7 17. Rbc1 Rbd8 18. Be1 Neg4 19. g3 h5 20. h3 Ne5
21. f4 Ned7 22. e4 g6 23. e5 Ne8 24. e6 Qb6+ 25. Qxb6 Nxb6 26. exf7+ Kxf7 27.
g4 hxg4 28. Bxg4 Nf6 29. Bg3 Rh8 30. f5 Rdg8 31. fxg6+ Rxg6 32. Rf1 Ke8 33. Rf4
Rhg8 34. Re1 Nxg4 35. hxg4 Rxg4 36. Rxg4 Rxg4 37. Kf2 Nd5 38. Kf3 Rd4 39. Rc1
b5 40. Bf2 Rd2 0-1

[Event "DVM U20w 2009"]
[Site "Chemnitz GER"]
[Date "2009.12.27"]
[Round "2"]
[White "Hoffmann, Clara Sandrine"]
[Black "Puffay, Jana"]
[Result "0-1"]
[Termination "normal"]
[Board "4.4"]
[WhiteElo "1199"]
[BlackElo "1289"]
[WhiteTeam "Dortmunder SV 1875"]
[BlackTeam "SC Réti Heusweiler"]
[PlyCount "130"]
[WhiteFideId "12909882"]
[BlackFideId "24692360"]
[EventCountry "GER"]
[EventRounds "7"]
[EventType "team-swiss"]
[EventDate "2009.12.26"]

1. d4 d5 2. c4 dxc4 3. Nc3 Nd7 4. e3 Nb6 5. Nf3 Nf6 6. Be2 g6 7. O-O Bg7 8. e4
c6 9. e5 Nfd5 10. Na4 Nxa4 11. Qxa4 b5 12. Qc2 Bf5 13. Qd1 O-O 14. a4 a6 15.
Ne1 f6 16. exf6 exf6 17. Bf3 Qb6 18. b3 c3 19. a5 Qc7 20. Ba3 b4 21. Bxd5+ cxd5
22. Bxb4 Rfb8 23. Bc5 Bf8 24. Qf3 Bxc5 25. Qxd5+ Qf7 26. Qxf7+ Kxf7 27. dxc5
Rxb3 28. Rc1 Rc8 29. Nf3 Rxc5 30. Nd4 Ra3 31. Ra1 Rcxa5 32. Rxa3 Rxa3 33. Nxf5
gxf5 34. Rc1 Ke6 35. Kf1 Kd5 36. Ke1 Kc4 37. Kd1 Kd3 38. g3 Ra2 39. Ke1 Re2+
40. Kf1 c2 41. Ra1 Kd2 42. Ra2 Re1+ 43. Kg2 Kd1 44. Ra1+ c1=Q 45. Rxc1+ Kxc1
46. h3 a5 47. Kf3 a4 48. Kf4 a3 49. Kxf5 a2 50. f4 a1=Q 51. h4 Qa5+ 52. Kxf6
Qd8+ 53. Kf5 Qg8 54. h5 Re7 55. h6 Qxg3 56. Kf6 Qh4+ 57. Kf5 Rf7+ 58. Ke6 Rxf4
59. Kd6 Qg5 60. Kd7 Qd5+ 61. Ke7 Qe5+ 62. Kd7 Rd4+ 63. Kc8 Qc5+ 64. Kb8 Rb4+
65. Ka8 Qa5# 0-1

[Event "DVM U20w 2009"]
[Site "Chemnitz GER"]
[Date "2009.12.27"]
[Round "2"]
[White "Rogasch, Miriam"]
[Black "Groschwitz, Isabella"]
[Result "0-1"]
[Termination "normal"]
[Board "5.1"]
[WhiteElo "1911"]
[BlackElo "1503"]
[WhiteTeam "SV Gryps"]
[BlackTeam "SF Fichtelgebirge"]
[PlyCount "114"]
[WhiteFideId "4616324"]
[EventCountry "GER"]
[EventRounds "7"]
[EventType "team-swiss"]
[EventDate "2009.12.26"]

1. e4 e5 2. Nf3 Nc6 3. Bb5 d6 4. Nc3 Nge7 5. d4 exd4 6. Nxd4 Bd7 7. Be3 g6 8.
Nxc6 Nxc6 9. Bd4 Rg8 10. Nd5 Nxd4 11. Bxd7+ Kxd7 12. Qxd4 Bg7 13. Qc4 c6 14.
Nf4 Qf6 15. Nd3 Rge8 16. O-O-O Ke7 17. f4 Kf8 18. Kb1 Qe6 19. Qb4 Qxe4 20.
Qxd6+ Kg8 21. Rhe1 Qxg2 22. Qd7 Rxe1 23. Rxe1 b5 24. Nb4 Qf2 25. Rd1 Qxf4 26.
Nxc6 a6 27. Ne7+ Kf8 28. Nd5 Qe5 29. c3 Bf6 30. Nb6 Rb8 31. Qc6 Qf5+ 32. Ka1
Kg7 33. Qg2 Rxb6 34. Rf1 Qe6 35. Qf2 Rd6 36. h4 Rd5 37. Re1 Qf5 38. Qb6 Bxh4
39. Rh1 Qf3 40. Qg1 Bf2 41. Qc1 Be3 42. Qe1 Rd2 43. a3 Qe2 44. Qg3 Rd1+ 45.
Rxd1 Qxd1+ 46. Ka2 Qd5+ 47. Kb1 Qd3+ 48. Ka2 h5 49. Qe5+ Kh6 50. Qh8+ Kg5 51.
Qe5+ Kg4 52. Qh2 Bf4 53. Qg2+ Qg3 54. Qe2+ Kh3 55. Qf1+ Kh2 56. Qe2+ Qg2 57.
Qe4 Qxe4 0-1

[Event "DVM U20w 2009"]
[Site "Chemnitz GER"]
[Date "2009.12.27"]
[Round "2"]
[White "Zürner, Bianca"]
[Black "Hartmann, Elisa"]
[Result "0-1"]
[Termination "normal"]
[Board "5.2"]
[WhiteElo "1329"]
[BlackElo "1732"]
[WhiteTeam "SF Fichtelgebirge"]
[BlackTeam "SV Gryps"]
[PlyCount "27"]
[WhiteFideId "12909963"]
[BlackFideId "4616235"]
[EventCountry "GER"]
[EventRounds "7"]
[EventType "team-swiss"]
[EventDate "2009.12.26"]

1. d4 d5 2. Nc3 c6 3. Nf3 e6 4. e4 Bb4 5. Bd2 Bxc3 6. Bxc3 dxe4 7. Ne5 Nf6 8.
Qd2 O-O 9. Qf4 Nbd7 10. Rd1 Nd5 11. Qg3 N5f6 12. Nxd7 Bxd7 13. Bd2 Qb6 14. Bc4
{Rest nicht lesbar.} 0-1

[Event "DVM U20w 2009"]
[Site "Chemnitz GER"]
[Date "2009.12.27"]
[Round "2"]
[White "Sadewasser, Lucie"]
[Black "Heym, Alexandra"]
[Result "1-0"]
[Termination "normal"]
[Board "5.3"]
[WhiteElo "1124"]
[BlackElo "1206"]
[WhiteTeam "SV Gryps"]
[BlackTeam "SF Fichtelgebirge"]
[PlyCount "65"]
[WhiteFideId "12905445"]
[EventCountry "GER"]
[EventRounds "7"]
[EventType "team-swiss"]
[EventDate "2009.12.26"]

1. e4 d5 2. exd5 Qxd5 3. Nc3 Qa5 4. d4 e5 5. dxe5 Bb4 6. Bd2 c6 7. a3 Bxc3 8.
Bxc3 Qc7 9. e6 f6 10. Nf3 Bxe6 11. Qe2 Qe7 12. Bb4 c5 13. Bxc5 Qxc5 14. Qxe6+
Qe7 15. Qxe7+ Nxe7 16. O-O-O O-O 17. Bc4+ Kh8 18. Rhe1 Nbc6 19. Rd7 Rfe8 20.
Rxb7 Na5 21. Rbxe7 Rxe7 22. Rxe7 Nxc4 23. Nd2 Nxd2 24. Kxd2 Kg8 25. c4 Kf8 26.
Rc7 a5 27. c5 Rb8 28. Kc3 a4 29. c6 Ke8 30. Rxg7 Kd8 31. c7+ Kc8 32. cxb8=Q+
Kxb8 33. Rxh7 1-0

[Event "DVM U20w 2009"]
[Site "Chemnitz GER"]
[Date "2009.12.27"]
[Round "2"]
[White "Heym, Stephanie"]
[Black "Vu, Uyen My"]
[Result "0-1"]
[Termination "normal"]
[Board "5.4"]
[WhiteElo "1116"]
[BlackElo "970"]
[WhiteTeam "SF Fichtelgebirge"]
[BlackTeam "SV Gryps"]
[PlyCount "67"]
[EventCountry "GER"]
[EventRounds "7"]
[EventType "team-swiss"]
[EventDate "2009.12.26"]

1. e4 e5 2. f4 f6 3. Nf3 Nc6 4. Bc4 Bc5 5. d3 Nge7 6. Nc3 d6 7. h3 Ng6 8. Ne2
Bd7 9. d4 exd4 10. Nexd4 Nxd4 11. Nxd4 Qe7 12. Be3 Qxe4 13. Qd3 Qxd3 14. Bxd3
Nxf4 15. O-O Nxd3 16. cxd3 Bxd4 17. Bxd4 O-O-O 18. Bxa7 b6 19. Rac1 Kb7 20. Rf4
c5 21. Bxb6 Kxb6 22. d4 Be6 23. dxc5+ dxc5 24. a3 Ra8 25. b4 Rhc8 26. bxc5+
Rxc5 27. Rb1+ Kc7 28. a4 Bd7 29. Rh4 h6 30. Rhb4 Bc6 31. Ra1 Rca5 32. Rc4 Rxa4
33. Rac1 Rxc4 34. Rxc4 0-1

[Event "DVM U20w 2009"]
[Site "Chemnitz GER"]
[Date "2009.12.27"]
[Round "2"]
[White "Bachem, Lisa"]
[Black "Steinmann, Anna"]
[Result "1-0"]
[Termination "normal"]
[Board "6.2"]
[WhiteElo "1221"]
[BlackElo "1123"]
[WhiteTeam "TTC GW Fritzdorf 1958"]
[BlackTeam "SC Vaterstetten"]
[PlyCount "49"]
[WhiteFideId "12909912"]
[EventCountry "GER"]
[EventRounds "7"]
[EventType "team-swiss"]
[EventDate "2009.12.26"]

1. e4 e5 2. Nf3 Nc6 3. Bc4 Nf6 4. Ng5 d5 5. exd5 Na5 6. Bb5+ c6 7. dxc6 Nxc6 8.
Bc4 Be6 9. Bxe6 fxe6 10. Nxe6 Qd6 11. Nxf8 Qxf8 12. O-O Qd6 13. d3 O-O 14. Nc3
Rf7 15. Ne4 Qd4 16. Nxf6+ Rxf6 17. c3 Qb6 18. Qb3+ Qxb3 19. axb3 Rd8 20. Bg5
Rxd3 21. Bxf6 gxf6 22. Rfd1 e4 23. Rxd3 exd3 24. Rd1 Ne5 25. f4 1-0

[Event "DVM U20w 2009"]
[Site "Chemnitz GER"]
[Date "2009.12.27"]
[Round "2"]
[White "Löbel, Annika"]
[Black "Jentsch, Corinna"]
[Result "0-1"]
[Termination "normal"]
[Board "6.3"]
[WhiteElo "763"]
[BlackElo "1105"]
[WhiteTeam "SC Vaterstetten"]
[BlackTeam "TTC GW Fritzdorf 1958"]
[PlyCount "31"]
[EventCountry "GER"]
[EventRounds "7"]
[EventType "team-swiss"]
[EventDate "2009.12.26"]

1. e4 d6 2. d4 Nf6 3. Nc3 g6 4. Bc4 c6 5. Nf3 b5 6. Bb3 b4 7. Ne2 Nxe4 8. Bd2
a5 9. O-O Bg4 10. Nf4 d5 11. Ba4 e6 12. Ne5 Bxd1 13. Raxd1 Ra6 14. b3 Bh6 15.
Nf3 Nxd2 16. Nd3 0-1

[Event "DVM U20w 2009"]
[Site "Chemnitz GER"]
[Date "2009.12.27"]
[Round "2"]
[White "Drewes, Carina"]
[Black "Mitze, Alicia"]
[Result "1-0"]
[Termination "normal"]
[Board "7.1"]
[WhiteElo "1789"]
[BlackElo "827"]
[WhiteTeam "SF Düsseldorf 75"]
[BlackTeam "SC 1979 Hattersheim"]
[PlyCount "63"]
[WhiteFideId "24600296"]
[EventCountry "GER"]
[EventRounds "7"]
[EventType "team-swiss"]
[EventDate "2009.12.26"]

1. d4 d5 2. Nf3 Nf6 3. Bf4 e6 4. e3 Be7 5. h3 Nc6 6. Bd3 O-O 7. O-O Bd7 8. c4
h6 9. Nc3 Bb4 10. Qc2 Re8 11. Rac1 Na5 12. cxd5 exd5 13. Ne2 Rc8 14. a3 Bd6 15.
b4 Nc6 16. Bxd6 cxd6 17. Qb3 a5 18. Nf4 axb4 19. axb4 Be6 20. Rc3 Ne4 21. Nxd5
Nf6 22. Nxf6+ Qxf6 23. Qd1 Bd5 24. Be2 Qg6 25. Kh2 Be6 26. d5 f5 27. Nh4 Qh7
28. Nxf5 Qxf5 29. dxc6 Rxc6 30. Bd3 Qe5+ 31. Kh1 d5 32. Bb5 1-0